000 01291nam2a2200277 4500
001 RU\NLR\bibl\1712935
005 20250616065458.0
010 _a5-88060-223-0
_910000
021 _aRU
_b2010-89708
_96024
035 _a(NLR Aleph) 001703957
090 _a1238061
_c1238061
100 _a20101213d2010 |||y0rusy50 ca
101 0 _arus
102 _aRU
105 _aa |||||||||
200 1 _aС нами Бог
210 _d2010
_aБ. м.
215 _a413, [1] с.
_cил.
327 1 _aВ кн. также: Сербскому народу - из окна темницы
461 0 _1001RU\NLR\bibl\1808320
_12001#$aТворения святителя Николая Сербского (Велимировича)$v[Т. 8]
_91788857
_aНиколай (Велимирович, Никола ; 1880-1956)
_cМосква
_d2010
_fпер. с серб. Сергея Фонова
_nПаломник
_tТворения святителя Николая Сербского (Велимировича)
_v[Т. 8]
464 0 _12001#$aСербскому народу - из окна темницы
_1215##$aС. 145-408
_tСербскому народу - из окна темницы
801 0 _aRU
_bNLR
_c20101213
_gRCR
801 1 _aRU
_bNLR
_c20101213
942 _cBOOK
980 _aNB